[Event "Titled Tuesday intern op1 2nd Aug"]
[Site "Chess.com INT"]
[Date "2016.08.02"]
[Round "1"]
[White "Saric, Ante"]
[Black "Song, Terry"]
[Result "1-0"]
[WhiteElo "2562"]
[BlackElo "1920"]
[PlyCount "131"]
[EventDate "2016.08.02"]
[EventType "swiss (blitz)"]
[EventRounds "9"]
[EventCountry "USA"]
[SourceTitle "EXT 2021"]
[Source "ChessBase"]
[SourceDate "2020.10.23"]
[SourceVersion "1"]
[SourceVersionDate "2020.10.23"]
[SourceQuality "1"]

1. Nf3 c5 2. c4 Nf6 3. Nc3 b6 4. d4 cxd4 5. Nxd4 Bb7 6. f3 e6 7. e4 d6 8. Be3 Be7 9. Be2 Nbd7 10. Qd2 a6 11. 0-0 Rc8 12. Rac1 Qc7 13. Rfd1 Qb8 14. b4 0-0 15. Nb3 Rfd8 16. a3 Bf8 17. Bf1 Ne5 18. Na4 Ned7 19. Nxb6 Nxb6 20. Bxb6 Re8 21. Bd4 Be7 22. Na5 Ba8 23. Qf2 h6 24. c5 dxc5 25. Bxc5 Bxc5 26. Rxc5 Qf4 27. Rxc8 Rxc8 28. Bxa6 Rc1 29. Rf1 g5 30. g3 Rxf1+ 31. Bxf1 Qc1 32. Qd4 Kg7 33. Nc4 g4 34. e5 Nd5 35. Qxg4+ Kh8 36. Qd4 Bc6 37. Qd2 Qb1 38. Qxh6+ Kg8 39. Qg5+ Kh8 40. Qh4+ Kg8 41. Qg4+ Kh8 42. Qe4 Qc1 43. Qd4 Qb1 44. h4 Qb3 45. Bg2 Nc3 46. Qd8+ Kh7 47. Qd3+ Kh8 48. Kh2 Bb5 49. Qd8+ Kh7 50. Nd6 Ne2 51. Nxb5 Qb1 52. Qg5 Qg1+ 53. Kh3 Qf2 54. Qh5+ Kg7 55. Qg4+ Kh7 56. f4 Ng1+ 57. Kh2 Ne2 58. a4 Qg1+ 59. Kh3 Qb1 60. Nd6 Qd1 61. Qh5+ Kg7 62. Qxf7+ Kh8 63. Qh5+ Kg7 64. Qg4+ Kh7 65. Be4+ Kh8 66. Nf7# 1-0

[Event "Titled Tuesday intern op1 2nd Aug"]
[Site "Chess.com INT"]
[Date "2016.08.02"]
[Round "3"]
[White "Song, Terry"]
[Black "Cheng, Xiao"]
[Result "1/2-1/2"]
[WhiteElo "1920"]
[BlackElo "2288"]
[PlyCount "106"]
[EventDate "2016.08.02"]
[EventType "swiss (blitz)"]
[EventRounds "9"]
[EventCountry "USA"]
[SourceTitle "EXT 2021"]
[Source "ChessBase"]
[SourceDate "2020.10.23"]
[SourceVersion "1"]
[SourceVersionDate "2020.10.23"]
[SourceQuality "1"]

1. e4 e5 2. Nf3 Nc6 3. Nc3 Nf6 4. d4 exd4 5. Nd5 h6 6. Bc4 Nxd5 7. exd5 Bb4+ 8. Bd2 Bxd2+ 9. Qxd2 Ne7 10. Nxd4 0-0 11. 0-0-0 d6 12. Kb1 Nf5 13. Rhe1 Qf6 14. f3 b5 15. Bxb5 Rb8 16. Bc4 a5 17. Bb3 Bd7 18. a4 Rb4 19. Nxf5 Bxf5 20. Ka2 Rfb8 21. Qc3 Qh4 22. g4 Bd7 23. Qxc7 Bxa4 24. Re3 Qxh2 25. Rde1 Qf4 26. Qxa5 Bxb3+ 27. cxb3 Qd4 28. Re8+ Kh7 29. Rxb8 Rxb8 30. Re4 Qd3 31. Rb4 Rc8 32. Qb5 Qd1 33. Rc4 Ra8+ 34. Ra4 Re8 35. Re4 Rc8 36. Rc4 Ra8+ 37. Ra4 Rc8 38. Rc4 Ra8+ 39. Ra4 Rd8 40. b4 Qxf3 41. Ra3 Qxg4 42. Qa5 Qc4+ 43. Rb3 Re8 44. b5 h5 45. b6 h4 46. b7 h3 47. Qc3 Qxd5 48. Qxh3+ Kg8 49. Qc8 Qa5+ 50. Kb1 Qe1+ 51. Ka2 Qa5+ 52. Kb1 Qe1+ 53. Ka2 Qa5+ 1/2-1/2

[Event "Titled Tuesday intern op 2nd Aug"]
[Site "Chess.com INT"]
[Date "2016.08.02"]
[Round "9"]
[White "Song, Terry"]
[Black "Golubov, Saveliy"]
[Result "0-1"]
[WhiteElo "1920"]
[BlackElo "2481"]
[PlyCount "82"]
[EventDate "2016.08.02"]
[EventType "swiss (blitz)"]
[EventRounds "9"]
[EventCountry "USA"]
[SourceTitle "EXT 2021"]
[Source "ChessBase"]
[SourceDate "2020.10.23"]
[SourceVersion "1"]
[SourceVersionDate "2020.10.23"]
[SourceQuality "1"]

1. e4 c5 2. Nf3 e6 3. d4 cxd4 4. Nxd4 a6 5. Nc3 b5 6. Bd3 Bb7 7. Qe2 Qb6 8. Nb3 Qc7 9. Be3 d6 10. 0-0-0 Nd7 11. f4 Ngf6 12. a3 Be7 13. g4 Nc5 14. Bd4 Nxb3+ 15. cxb3 e5 16. Bf2 exf4 17. Kb1 Nd7 18. Nd5 Bxd5 19. exd5 Ne5 20. Rc1 Qd8 21. Bd4 Nxd3 22. Qxd3 0-0 23. Qf5 g6 24. Qxf4 Bg5 25. Qg3 Bxc1 26. Rxc1 Qg5 27. Qxd6 Rfd8 28. Qg3 Qxd5 29. Bc3 Qd3+ 30. Qxd3 Rxd3 31. Kc2 Rh3 32. Be5 Rc8+ 33. Kb1 Rxc1+ 34. Kxc1 Rxb3 35. Bc3 Rxc3+ 36. bxc3 Kg7 37. Kc2 Kf6 38. Kb2 Ke5 39. Kb3 f5 40. gxf5 gxf5 41. Kb4 f4 0-1

[Event "Titled Tuesday intern op 2nd Aug"]
[Site "Chess.com INT"]
[Date "2016.08.02"]
[Round "5"]
[White "Song, Terry"]
[Black "Manon Og, Ramon Jr"]
[Result "0-1"]
[WhiteElo "1920"]
[BlackElo "2122"]
[PlyCount "108"]
[EventDate "2016.08.02"]
[EventType "swiss (blitz)"]
[EventRounds "9"]
[EventCountry "USA"]
[SourceTitle "EXT 2021"]
[Source "ChessBase"]
[SourceDate "2020.10.23"]
[SourceVersion "1"]
[SourceVersionDate "2020.10.23"]
[SourceQuality "1"]

1. e4 c5 2. Nc3 Nc6 3. f4 g6 4. Nf3 Bg7 5. Bb5 Nd4 6. 0-0 e6 7. e5 Ne7 8. Nxd4 cxd4 9. Ne4 0-0 10. Kh1 d5 11. Nd6 Nf5 12. Nxf5 gxf5 13. Qh5 f6 14. exf6 Qxf6 15. b3 a6 16. Bd3 Bd7 17. Ba3 Rf7 18. Bd6 Qg6 19. Qxg6 hxg6 20. Rae1 Bf8 21. Be5 Bg7 22. g3 Rc8 23. Kg2 Bxe5 24. Rxe5 Kg7 25. h3 Rh8 26. Rh1 Kf6 27. a4 g5 28. Re2 gxf4 29. gxf4 Rg7+ 30. Kh2 Rh4 31. Rf2 Rgg4 32. Rhf1 Rg7 33. Rf3 Be8 34. Rg3 Rgh7 35. Rfg1 Rxf4 36. Rg8 Bf7 37. Rb8 Bh5 38. Rf8+ Ke7 39. Rb8 Kd6 40. Rgg8 Bg4 41. Kg3 Rf3+ 42. Kg2 Rhxh3 43. Rxb7 Rhg3+ 44. Kh2 f4 45. Rb6+ Ke5 46. Rg5+ Bf5 47. Rxg3 Rxg3 48. Bxf5 exf5 49. Rxa6 Rg7 50. Ra8 f3 51. Re8+ Kf4 52. Re1 f2 53. Rf1 Kf3 54. a5 Rh7# 0-1